000
00287nam a22001217a 4500
008
171023b xxu||||| |||| 00| 0 eng d
041
_a
eng
080
_a
658
100
_a
54
101
_a
LID
245
_a
LEADERSHIP AND EXCHANGE IN FORMAL ORGANIZATIONS
_c
JACOBS,T.O
942
_2
udc
_c
BK
999
_c
35389
_d
35389